60 minutes. Syria /

In the aftermath of a chemical weapons attack, Charlie Rose speaks to Syrian President Bashar al-Assad and Scott Pelley interviews President Obama.

Bibliographic Details
Other Authors: Pelley, Scott, 1957- (Reporter), Rose, Charlie (Reporter)
Format: Video
Language:English
Language Notes:In English.
Published: New York, NY : Columbia Broadcasting System, 2013.
Subjects:
Online Access:Connect to this streaming video (Alexander Street Press)

MARC

Tag First Indicator Second Indicator Subfields
LEADER 00000cgm a22000003a 4500
001 in00003747921
006 m|||||o||c||||||||
007 cr |n||||||||a
007 vz |za|z|
008 150209s2013 nyu019 e |o vleng d
005 20260324203124.2
035 |a (OCoLC)904559118 
035 |a ASP2770673/cbsv 
040 |a VaAlASP  |c VaAlASP  |d UtOrBLW 
043 |a a-sy--- 
245 0 0 |a 60 minutes.  |p Syria /  |c produced by CBS News. 
246 1 0 |a Syria 
246 1 3 |a Sixty minutes.  |p Syria 
246 1 3 |a Assad and Obama on Syria's civil war 
264 1 |a New York, NY :  |b Columbia Broadcasting System,  |c 2013. 
300 |a 1 online resource (19 min.) 
306 |a 001831 
336 |a two-dimensional moving image  |b tdi  |2 rdacontent 
337 |a computer  |b c  |2 rdamedia 
337 |a video  |b v  |2 rdamedia 
338 |a online resource  |b cr  |2 rdacarrier 
338 |a other  |b vz  |2 rdacarrier 
500 |a Title from resource description page (viewed Feb. 9, 2015). 
520 |a In the aftermath of a chemical weapons attack, Charlie Rose speaks to Syrian President Bashar al-Assad and Scott Pelley interviews President Obama. 
546 |a In English. 
500 |a Electronic resource. 
650 0 |a Chemical weapons  |z Syria. 
651 0 |a Syria  |x History  |y Civil War, 2011-  |x Chemical warfare. 
655 7 |a Internet videos.  |2 lcgft  |0 http://id.loc.gov/authorities/genreForms/gf2011026337 
655 7 |a Television news programs.  |2 lcgft  |0 http://id.loc.gov/authorities/genreForms/gf2011026667 
700 1 |a Assad, Bashar,  |d 1965-  |e interviewee.  |0 http://id.loc.gov/authorities/names/no2003021487 
700 1 |a Obama, Barack,  |e interviewee.  |0 http://id.loc.gov/authorities/names/n94112934 
700 1 |a Pelley, Scott,  |d 1957-  |e reporter.  |0 http://id.loc.gov/authorities/names/no2009116152 
700 1 |a Rose, Charlie,  |e reporter.  |0 http://id.loc.gov/authorities/names/n94024435 
710 2 |a CBS News,  |e production company.  |0 http://id.loc.gov/authorities/names/n82221065 
856 4 0 |u http://proxy.library.tamu.edu/login?url=https://www.aspresolver.com/aspresolver.asp?CBSV;2770673  |z Connect to this streaming video (Alexander Street Press)  |t 0 
999 f f |s a0fa2ffa-c17e-3b1d-95fb-732e29101a38  |i 343ce4c8-c56e-3974-b6fb-ec8a5d0f3eae  |t 0 
952 f f |a Texas A&M University  |b College Station  |c Electronic Resources  |s www_evans  |d Available Online  |t 0  |h No information provided 
998 f f |t 0  |l Available Online